00803nam a2200217Ia 4500008004100000020001800041050002400059100002100083245007600104250001200180260003600192300003300228440003700261500005100298521000900349650004900358650004400407942001200451999001700463952010500480140321s9999 xx 000 0 und d a9781448855209 aHD 69.S8b.W44 2012 aWeinick, Suzanne aProfessional connections :blearning how to network /cSuzanne Weinick. a1st ed. aNew York :bRosen Pub.,cc2012. a80 p. :bcol. ill. ;c24 cm. a(Communicating with confidence). aIncludes bibliographical references and index. aBSBA aBusiness communicationxJuvenile literature. aBusiness networksxJuvenile literature. kFORcBK c48185d48185 001040aCLbCLcRESd2014-03-21l0oHD 69.S8 .W44 2012pC17468r2018-05-15 00:00:00w2014-03-21yBK